000
00312 a2200145 4500
001
165837
020
_a
040
_c
Magnum
100
_a
Guedes, Hardy
240
1
0
_a
O boitata e o pai-da-mata
_l
por
245
1
0
_a
O boitata e o pai-da-mata
362
0
_a
1899
697
_a
IJ/LENDAS, FOLCLORE
942
_c
BK
999
_c
165837
_d
165837